<?xml version="1.0" encoding="UTF-8"?>
<collection xmlns="http://www.loc.gov/MARC21/slim">
 <record>
  <leader>01010cam a2200217 7i4500</leader>
  <controlfield tag="001">0000004729</controlfield>
  <controlfield tag="005">20020417090000.0</controlfield>
  <datafield tag="020" ind1="0" ind2="0">
   <subfield code="a">9711022419 </subfield>
  </datafield>
  <datafield tag="035" ind1="0" ind2="0">
   <subfield code="a">0097-54260</subfield>
  </datafield>
  <datafield tag="090" ind1="0" ind2="0">
   <subfield code="a">SH 295 </subfield>
   <subfield code="b">W926 1987</subfield>
  </datafield>
  <datafield tag="110" ind1="2" ind2="0">
   <subfield code="a">Workshop on Fisheries Education and Training in Asia 1987(:</subfield>
   <subfield code="c">Iwate))</subfield>
  </datafield>
  <datafield tag="245" ind1="1" ind2="0">
   <subfield code="a">Fisheries education and training in Asia : </subfield>
   <subfield code="b">workshop proceedings : </subfield>
   <subfield code="b">workshop proceedings : </subfield>
   <subfield code="b">proceedings of the ... 16-17 May 1987  </subfield>
   <subfield code="c">hosted by the School of Fisheries Sciences Kitasato University, Japan..</subfield>
  </datafield>
  <datafield tag="260" ind1="0" ind2="0">
   <subfield code="a">Manila: </subfield>
   <subfield code="b">Asian Fisheries Society, </subfield>
   <subfield code="c">1988..</subfield>
  </datafield>
  <datafield tag="300" ind1="#" ind2="#">
   <subfield code="a">162p.: </subfield>
   <subfield code="b">charts; </subfield>
   <subfield code="c">28cm..</subfield>
  </datafield>
  <datafield tag="490" ind1="1" ind2="0">
   <subfield code="a">Special publication; </subfield>
   <subfield code="v">no.2.</subfield>
  </datafield>
  <datafield tag="650" ind1="0" ind2="0">
   <subfield code="a">Fisherie -- </subfield>
   <subfield code="x">Congresses. -- </subfield>
   <subfield code="z">Asi </subfield>
  </datafield>
  <datafield tag="650" ind1="0" ind2="0">
   <subfield code="a">Fisherie -- </subfield>
   <subfield code="x">Study and teachin -- </subfield>
   <subfield code="x">Congresses. -- </subfield>
   <subfield code="z">Asi </subfield>
  </datafield>
  <datafield tag="710" ind1="2" ind2="1">
   <subfield code="a">Kitasato University School of Fisheries Sciences. </subfield>
  </datafield>
  <datafield tag="830" ind1="0" ind2="0">
   <subfield code="a">Special publication (Asian Fisheries Society) no.2.</subfield>
  </datafield>
  <datafield tag="999" ind1=" " ind2=" ">
   <subfield code="a">1100012230</subfield>
   <subfield code="b">Book</subfield>
   <subfield code="c">Open Shelf</subfield>
   <subfield code="e">KOLEKSI TERBUKA</subfield>
  </datafield>
  <datafield tag="999" ind1=" " ind2=" ">
   <subfield code="a">1000394611</subfield>
   <subfield code="b">Book</subfield>
   <subfield code="c">Open Shelf</subfield>
   <subfield code="e">KOLEKSI TERBUKA</subfield>
  </datafield>
 </record>
</collection>
